| 000 | 01543nam a22003977a 4500 | ||
|---|---|---|---|
| 003 | CHAP | ||
| 005 | 20220329143233.0 | ||
| 008 | 070613d1995 us r 00110 spa d | ||
| 010 | _a93731 | ||
| 011 | _a94703 | ||
| 035 | _a105298 | ||
| 040 | _cCHAP | ||
| 090 | _aFolleto 17282 | ||
| 100 | 0 | 0 |
_aPinstrup-Andersen, Per. _988281 |
| 245 | 1 | 4 |
_aEl crecimiento agrícola es la clave del alivio de la pobreza en los países de bajos ingresos _c/por Per Pinstrup-Andersen y Rajul Pandya-Lorch |
| 260 |
_aWashington, D.C. : _bInstituto Internacional de Investigaciones sobre Políticas Alimentarias, _c1995 |
||
| 300 |
_a1 h. : _bgráfs. |
||
| 500 | _aResumen 2020 No. 15 | ||
| 590 |
_aBATCH-UPD _b10 _c20130109 _lUCH01 _h2356 |
||
| 590 |
_aBATCH-UPD _b10 _c20130110 _lUCH01 _h0635 |
||
| 590 |
_aBATCH-UPD _b10 _c20130410 _lUCH01 _h0319 |
||
| 590 |
_aBATCH-UPD _b10 _c20130914 _lUCH01 _h1857 |
||
| 590 |
_aBATCH-UPD _b10 _c20140805 _lUCH01 _h1148 |
||
| 590 |
_aCONVERSION _b10 _c20130109 _lUCH01 _h1352 |
||
| 650 | 1 | 4 |
_aAgricultura. _91172 |
| 650 | 1 | 4 |
_aAgricultura _xInnovaciones tecnológicas. _91565 |
| 650 | 1 | 4 |
_aAgricultura _xInvestigación. _91577 |
| 650 | 1 | 4 |
_aPaíses subdesarrollados _xAgricultura. _985150 |
| 650 | 1 | 4 |
_aPobreza. _989463 |
| 700 | 0 |
_aPandya-Lorch, Rajul. _985074 |
|
| 790 | 0 | _aUna visión de la alimentación, la agricultura y el medio ambiente en el año 2020, (Traducción del Ingles) | |
| 901 | _aBK | ||
| 905 | _aMarco A. Mendoza T. | ||
| 942 | _cFOLL | ||
| 949 |
_aFolleto 17282 _bBC _cFOLL _d33724002033629 _eTS1 _i105298 _sb |
||
| 999 |
_c93731 _d93731 |
||